000 00967cam a22002654a 4500
003 PILC
005 20150112093447.0
008 090929s2009 ph b 001 0 eng
010 _a 2009316933
040 _aDLC
_cDLC
_dDLC
042 _alcode
043 _aa-ph---
050 0 0 _aKPM 1660
_b.Sa246 2009
082 _a344.072055
_bSa7 2009
100 1 _aSarmiento, Ulpiano P.
_q(Ulpiano Planes)
_929111
245 1 0 _aEducation law and the private schools :
_ba practical guide for educational leaders and policymakers /
_cUlpiano "Ulan" P. Sarmiento III
260 _aManila :
_bUlpiano P. Sarmiento,
_xyz2009.
300 _a1031 pages :
_c29 cm.
500 _aIncludes bibliographical references and index.
650 0 _aPrivate schools
_xLaw and legislation
_zPhilippines.
_929112
650 0 _aEducational law and legislation
_zPhilippines.
_929113
906 _a7
_bcbc
_corigode
_d2
_encip
_f20
_gy-gencatlg
942 _2lcc
_cBK
999 _c14961
_d14961